Veřejné licence v České republice : verze 2.0 /

Další autoři: Myška, Matěj, 1984-
Jazyk: Čeština
Angličtina
Vydáno: [Brno] : Masarykova univerzita, 2014
Vydání: 1. vyd.
Edice: Spisy Právnické fakulty MU ; č. 482
Témata:
Externí odkaz: Online verze
Fyzický popis: 187 s. : il. (některé barev.) ; 21 cm
Language note: Část. souběžný anglický text
Knihy
Uloženo v:
LEADER 01853nam a2200457 a 4500
001 nkc20142639018
003 CZ PrNK
005 20150217123051.0
007 ta
008 141119s2014 xr a f 000 0 cze
015 |a cnb002639018 
020 |a 978-80-210-7192-6  |q (brož.) 
035 |a (OCoLC)903090013 
040 |a BOA001  |b cze  |d ABA001 
041 1 |a cze  |a eng  |h cze 
043 |a e-xr--- 
072 7 |a 347.7  |x Obchodní právo. Finanční právo. Právo průmyslového vlastnictví. Patentové právo. Autorské právo  |2 Konspekt  |9 16 
080 |a 347.78.04  |2 MRF 
080 |a (437.3)  |2 MRF 
080 |a (048.8:082)  |2 MRF 
245 0 0 |a Veřejné licence v České republice :  |b verze 2.0 /  |c Matěj Myška ... [et al.] 
250 |a 1. vyd. 
260 |a [Brno] :  |b Masarykova univerzita,  |c 2014 
300 |a 187 s. :  |b il. (některé barev.) ;  |c 21 cm 
490 1 |a Spisy Právnické fakulty MU ;  |v č. 482 
504 |a Obsahuje bibliografii a bibliografické odkazy 
546 |a Část. souběžný anglický text 
650 0 7 |a veřejné licence  |7 ph758379  |z Česko  |2 czenas 
650 0 9 |a free licenses  |z Czechia  |2 eczenas 
655 7 |a kolektivní monografie  |7 fd501537  |2 czenas 
655 9 |a collective monographs  |2 eczenas 
700 1 |a Myška, Matěj,  |d 1984-  |7 mub2011622476  |4 aut 
810 2 |a Masarykova univerzita.  |b Právnická fakulta.  |t Spisy  |0 s 
856 4 1 |3 Online verze  |u http://flip.law.muni.cz  |4 N 
910 2 |a BOA001  |b 2-1335.725 
990 |a BK 
995 |a 01 
991 |b 201412  |c NOV  |e n 
996 6 |b 2610612996  |c 2-1335.725  |l MZK  |r Sklad / do 1 hodiny  |n 0  |p p.v.  |w 001473532  |u 000010  |a 1  |e BOA001  |j MZK50  |s P 
996 7 |b 2610623414  |c 2-1335.725  |l MZK  |r Sklad / do 1 hodiny  |n 7  |p p.v.  |w 001473532  |u 000020  |a 1  |e BOA001  |j MZK50  |s A 
996 7 |b 2610623415  |c 2-1335.725  |l MZK  |r Sklad / do 1 hodiny  |n 5  |p dar  |w 001473532  |u 000030  |a 1  |e BOA001  |j MZK50  |s A